Statistics for Countries named after rivers

Click here to take the quiz!

General Stats

  • This quiz has been taken 924 times
    (515 since last reset)
  • The average score is 9 of 17

Answer Stats

Country% Correct
AfricaD. R. CongoCongo River
87%
AfricaR. CongoCongo River
87%
AfricaNigerNiger River
84%
AfricaGambiaGambia River
63%
South AmericaParaguayParaguay River
63%
South AmericaUruguayUruguay River
63%
AfricaNigeriaNiger River
59%
AsiaIndiaIndus River
58%
AfricaZambiaZambezi River
49%
South AmericaArgentinaRío de la Plata
45%
AfricaSenegalSenegal River
45%
AsiaJordanJordan River
44%
North AmericaBelizeBelize River
42%
AfricaCameroonWouri River (Rio dos Camarões)
30%
EuropeMoldovaMoldova River
30%
EuropeBosnia and HerzegovinaBosna River
21%
AsiaIndonesiaIndus River
18%

Score Distribution

Percentile by Number Answered

Percent of People with Each Score

Your Score History

You have not taken this quiz since the last reset